| 000 | 02608nam a2200577Ia 4500 | ||
|---|---|---|---|
| 001 | dia_5866 | ||
| 003 | CHAP | ||
| 005 | 20240426084105.0 | ||
| 007 | ta | ||
| 008 | 220117s2015 mx abdof 001 0 spa d | ||
| 040 |
_amxchpua _cCHAP |
||
| 090 |
_aT.C.671 _bR36 IA _c2015 |
||
| 245 | 1 | 0 |
_aReporte final del curso : introducción a la agroindustria / _ccoordinador Marco Favio Ramírez Sepúlveda ; colaboradores Florentino Altamirano Sánchez...[y otros] |
| 260 |
_aMéxico : _bEl autor, _c2015 |
||
| 300 |
_av, 209 hojas : _bilustraciones, tablas, mapas, gráficas, fotos |
||
| 336 |
_2rdacontent _atexto _btxt |
||
| 337 |
_2rdamedia _ano mediado _bn |
||
| 338 |
_2rdacarrier _avolumen _bnc |
||
| 500 | _aGrado: 4° año Grupo: 04 Directorio: h. 170 - 173 | ||
| 502 |
_aViaje de estudios _b(IA) -- _cUACh. Departamento de Ingeniería Agroindustrial, _d2015 |
||
| 504 | _aBibliografía: | ||
| 505 | 0 | 0 | _tEmpresas visitadas: -- 1.Quesería VAI (Productos Lácteos VAI) -- 2.Viñedos La Redonda -- 3.Fábrica de Quesos NEOLE -- 4.Corralejo -- 5.Grupo Modelo México -- 6.Rastro 3 Novillos -- 7.Barcel, S. de R. L. de C. V. -- 8.TYSON -- 9.Grupo Lala -- 10.Cervecería del Pacífico -- 11.Congeladora Oceánica -- 12.Café Luna -- 13.Grupo Agroindustrial Progreso -- 14.Nestlé -- 15.Fábrica de Quesos El Saucito -- 16.Lácteos Mojica -- 17.Quesos La tinaja -- 18.Forrajera El Grano del Valle |
| 650 | 1 | 3 |
_aFruta (alimentos) _9157059 |
| 650 | 1 | 3 |
_aHortalizas _9150602 |
| 650 | 1 | 3 |
_aIndustria azucarera _957780 |
| 650 | 1 | 3 |
_aIndustria cervecera _957799 |
| 650 | 1 | 3 |
_aIndustria del vino _9151418 |
| 650 | 1 | 3 |
_aIndustria lechera _957819 |
| 650 | 1 | 3 |
_aIndustria alimentaria _9141176 |
| 650 | 1 | 3 |
_aOleaginosas _9143465 |
| 650 |
_aProductos de granos _9148397 |
||
| 650 |
_aProductos del café _9150527 |
||
| 650 | 1 | 3 |
_aBrewing industry _9151423 |
| 650 | 1 | 3 | _aCoffee products |
| 650 | 1 | 3 |
_aDairy industry _9147068 |
| 650 | 1 | 3 |
_aFeed industry _9149936 |
| 650 | 1 | 3 |
_aFruits (food) _9158619 |
| 650 | 1 | 3 |
_aGrain products _9148395 |
| 650 | 1 | 3 |
_aOilseeds _9152851 |
| 650 | 1 | 3 |
_aSugar industry _9151278 |
| 650 | 1 | 3 |
_aWine industry _9151419 |
| 700 | 1 |
_aRamírez Sepúlveda, Marco Favio _9150304 _ecoordinador |
|
| 700 | 1 |
_aAltamirano Sánchez, Florentino _9159790 _ecolaborador |
|
| 856 | 4 | 2 |
_uhttp://10.13.5.2/ve/TC671IA/TC671IA2015-REPORTE.pdf _yDESCARGAR REPORTE |
| 901 | _aT.C.671 R36 IA 2015 | ||
| 902 | _aM | ||
| 905 | _a5232272015 mx dml 8223123322spa16 | ||
| 942 | _2local | ||
| 942 | _cVE | ||
| 999 |
_c176956 _d176956 |
||